000 01420nam0a22003851 4500
001 v19\rc\1558354
005 20250618190039.0
035 _a(NLR Aleph) 004671748
090 _a3687642
_c3687642
100 _a20060620e18901887|||y0rusy50 ca
101 0 _arus
102 _aRU
105 _ay z |||c|
200 1 _aОчерк развития религиозно-философской мысли в исламе
_e(Опыт истории мусульманского сектантства от смерти Мухаммеда до наших дней)
_fС.И. Уманец
210 _aСанкт-Петербург
_cтип. М.М Стасюлевича
_d1890
215 _aIV, 160 с.
_d21
311 _aИз журн. "Христиан. чтение" 1887, 1888
488 0 _12001#$aХристианское чтение$v1887, 1888
_tХристианское чтение
700 1 _aУманец
_bС.И.
_f1859-1917
_gСергей Игнатьевич
801 0 _aRU
_bNLR
_gpsbo
801 0 _aRU
_bRuMoRGB
_2psbo
801 1 _aRU
_bProSoft-M
_2rusmarc
852 _aNLR
_jКрI-6237
852 _aNLR
_j18.275.3.38
852 _aNLR
_j133/3260
899 _aRuMoRGB
_jM 68/222
899 _aRuMoRGB
_jФ 1-64/8257
899 _aRuMoRGB
_jA 191/105
899 _aНБ СПбГУ
899 _aГПИБ
899 _aНБ МГУ
942 _cBOOK
980 _aNB
980 1 _aKRCH